Evaluación social de las inversiones en las industrias básicas (Registro nro. 28737)

Detalles MARC
000 -LEADER
fixed length control field 00348 a2200109 4500
001 - CONTROL NUMBER
control field ART_23934
005 - DATE AND TIME OF LATEST TRANSACTION
control field 20260410161932.0
008 - FIXED-LENGTH DATA ELEMENTS--GENERAL INFORMATION
fixed length control field 260409a
100 1# - MAIN ENTRY--PERSONAL NAME
Personal name Guadagni, Alieto Aldo
245 10 - TITLE STATEMENT
Title Evaluación social de las inversiones en las industrias básicas
773 0# - HOST ITEM ENTRY
Title Informe
Related parts - Año VI, Nº 42 (oct./dic. 1974)
Record control number REV23765

No hay ítems disponibles.